00521nam a22001577a 450000500170000001000170001702000220003402000250005603500170008103700170009808200060011524500980012126000320021927000820025130000300033320130903120800.0 aB-523553-582 a9380842511c60.00 a9789380842516c60.00 aB-523553-582 adplbUBH/Ven aS aFavourite stories of Akbar & Birbal/cretold by Jyothi Bharat Divgi; edited by Seetham Basrur aPunebWordsmith Publication a'Savitri', 31,Nirmal Baug, Near Muktangan High School, bPunee411009 (India) a40p.b23cm(pbk)cCol.ill.